00926 a2200217 4500010001500000020002600015035001400041037000900055082001700064245013900081260002700220270010500247300002700352490000600379700003300385700004100418700002700459942003300486999001900519952017000538 aENG-145603 c495.00a9788184540802 aEN-129135 bDBAD14a333.0095421 1aMughal Land Revenue Apparatus: bCollected Works Of Professor Br Grover/cEdited By Amrita Gorver; Anju Grover Chaudhary [and] J.C Dua aDelhibOriginalsc2010 aA-6, Nimri Commercial Centre, Near Ashok Vihar Phase-IV,bDelhie110 052mlpp@nde.vsnl.net.incDelhi axxii, 153P.c22cm (Hb) v5 aAmrita GorvereEditor982421 aAnju Grover ChaudharyeEditor982422 aJ.C DuaeEditor982423 adplcEN2ddch333.00954mMUG c211987d211987 001040708NFICaRC4SEELPbRC4SEELPd2025-06-27eDelivery of Books Act Divisiong495.00l0o333.00954 MUGpEN-129135r2025-06-27 00:00:00t1v495.00w2025-06-27yEN